| 000 | 00949cam a22002777a 4500 | ||
|---|---|---|---|
| 003 | CHAP | ||
| 005 | 20220329141531.0 | ||
| 008 | 971013s r 00010 d | ||
| 010 | _a69755 | ||
| 011 | _a70727 | ||
| 035 | _a80280 | ||
| 040 | _cCHAP | ||
| 090 | _aR-2654 | ||
| 100 | 0 | 0 |
_aJamieson, M. F. S. _961031 |
| 245 | 1 | 2 | _aA simple tool for calculating loss or gain in weight resulting from a change in the moisture content of produce |
| 500 | _aSobretiro de: Tropical stored products inf. 20 : 19 - 20, 1970 | ||
| 590 |
_aBATCH-UPD _b10 _c20130110 _lUCH01 _h2148 |
||
| 590 |
_aBATCH-UPD _b10 _c20130410 _lUCH01 _h1456 |
||
| 590 |
_aBATCH-UPD _b10 _c20130914 _lUCH01 _h1939 |
||
| 590 |
_aCONVERSION _b10 _c20130109 _lUCH01 _h1338 |
||
| 650 | 1 | 4 |
_aProductos agrÃcolas _xAlmacenamiento. _991897 |
| 650 | 1 | 4 |
_aProductos almacenados _xEfecto de la humedad. _992039 |
| 901 | _aBK | ||
| 942 | _cREIMP | ||
| 949 |
_aR-2654 _bBC _cR _d-33182 _eTS1 _i80280 _si |
||
| 999 |
_c69755 _d69755 |
||